<?xml version="1.0" encoding="UTF-8"?><marc:collection xmlns:marc="http://www.loc.gov/MARC21/slim">
  <marc:record>
    <marc:leader>00000nam##2200000za#4500</marc:leader>
    <marc:controlfield tag="001">9.628815</marc:controlfield>
    <marc:controlfield tag="003">CaOODSP</marc:controlfield>
    <marc:controlfield tag="005">20210615110022</marc:controlfield>
    <marc:controlfield tag="007">ta</marc:controlfield>
    <marc:controlfield tag="008">150406|2001||||xxc|||||     f|0| 0 fre|d</marc:controlfield>
    <marc:datafield tag="020" ind1=" " ind2=" ">
      <marc:subfield code="a">0-662-85537-X</marc:subfield>
    </marc:datafield>
    <marc:datafield tag="040" ind1=" " ind2=" ">
      <marc:subfield code="a">CaOODSP</marc:subfield>
      <marc:subfield code="b">fre</marc:subfield>
    </marc:datafield>
    <marc:datafield tag="043" ind1=" " ind2=" ">
      <marc:subfield code="a">n-cn---</marc:subfield>
    </marc:datafield>
    <marc:datafield tag="086" ind1="1" ind2=" ">
      <marc:subfield code="a">NH15-379/2001F</marc:subfield>
    </marc:datafield>
    <marc:datafield tag="110" ind1="2" ind2=" ">
      <marc:subfield code="a">Société canadienne d'hypothèques et de logement.</marc:subfield>
    </marc:datafield>
    <marc:datafield tag="245" ind1="1" ind2="0">
      <marc:subfield code="a">Modes d'occupation non traditionnels : </marc:subfield>
      <marc:subfield code="b">rapport final / </marc:subfield>
      <marc:subfield code="c">par David Scherlowski. </marc:subfield>
    </marc:datafield>
    <marc:datafield tag="260" ind1=" " ind2=" ">
      <marc:subfield code="a">Ottawa - Ontario : </marc:subfield>
      <marc:subfield code="b">Société canadienne d'hypothèques et de logement </marc:subfield>
      <marc:subfield code="c">2001.</marc:subfield>
    </marc:datafield>
    <marc:datafield tag="300" ind1=" " ind2=" ">
      <marc:subfield code="a">ix, 276p. : </marc:subfield>
      <marc:subfield code="b">tableaux ; </marc:subfield>
      <marc:subfield code="c">28 cm.</marc:subfield>
    </marc:datafield>
    <marc:datafield tag="490" ind1="1" ind2=" ">
      <marc:subfield code="a">Rapport de recherche. Série sur le logement abordable et le financement de l'habitation</marc:subfield>
    </marc:datafield>
    <marc:datafield tag="500" ind1=" " ind2=" ">
      <marc:subfield code="a">« Cette recherche a englobé l'examen de la documentation disponible sur les modes d'occupation non traditionnels disponibles au Canada ainsi que 30 études de cas d'aménagements résidentiels partout au Canada offrant diverses modalités d'occupation. Les études de cas ont nécessité la visite de chacun des aménagements, des entrevues approfondies avec les administrateurs et les organismes de parrainage, et des entrevues avec les résidents. »--Résumé.</marc:subfield>
    </marc:datafield>
    <marc:datafield tag="500" ind1=" " ind2=" ">
      <marc:subfield code="a">Cette publication a été signalée dans la Liste hebdomadaire 01-18.</marc:subfield>
    </marc:datafield>
    <marc:datafield tag="504" ind1=" " ind2=" ">
      <marc:subfield code="a">Bibliographie.</marc:subfield>
    </marc:datafield>
    <marc:datafield tag="520" ind1="3" ind2=" ">
      <marc:subfield code="a">Cette recherche a englobé l'examen de la documentation disponible sur les modes d'occupation non traditionnels disponibles au Canada ainsi que 30 études de cas d'aménagements résidentiels partout au Canada offrant diverses modalités d'occupation. Les études de cas ont nécessité la visite de chacun des aménagements, des entrevues approfondies avec les administrateurs et les organismes de parrainage, et des entrevues avec les résidents.--Résumé</marc:subfield>
    </marc:datafield>
    <marc:datafield tag="563" ind1=" " ind2=" ">
      <marc:subfield code="a">Reliure à anneaux</marc:subfield>
    </marc:datafield>
    <marc:datafield tag="691" ind1="0" ind2="7">
      <marc:subfield code="a">Logement</marc:subfield>
      <marc:subfield code="2">gcpds</marc:subfield>
    </marc:datafield>
    <marc:datafield tag="720" ind1="1" ind2=" ">
      <marc:subfield code="a">Scherlowski, David</marc:subfield>
    </marc:datafield>
    <marc:datafield tag="775" ind1="0" ind2="8">
      <marc:subfield code="t">Alternate tenure arrangements : </marc:subfield>
      <marc:subfield code="w">(CaOODSP)9.620137</marc:subfield>
    </marc:datafield>
    <marc:datafield tag="776" ind1="0" ind2="#">
      <marc:subfield code="t">Modes d'occupation non traditionnels / </marc:subfield>
      <marc:subfield code="w">(CaOODSP)9.600335</marc:subfield>
    </marc:datafield>
    <marc:datafield tag="830" ind1="#" ind2="0">
      <marc:subfield code="a">Rapport de recherche. Série sur le logement abordable et le financement de l'habitation.</marc:subfield>
      <marc:subfield code="w">(CaOODSP)9.513168</marc:subfield>
    </marc:datafield>
  </marc:record>
</marc:collection>
